Szczegóły MARC21

Ćwiczenia relaksowo-koncentrujące : teoria i praktyka /

003 -Nazwa inst., której nr kontr. jest w polu 001 [,]
    • @
    • Nazwa instytucji, której n kontrolny jest w polu 001
    • NUKAT
005 -DATA I CZAS OSTATNIEJ MODYFIKACJI [,]
    • @
    • pole kontrolne
    • 20241231095935.0
020 -Międzynarod. znormalizowany nr książki - ISBN [ , ]
    • a
    • Numer ISBN
    • 8320016894 Find
040 -Instytucja sporządzająca opis [ , ]
    • a
    • Instytucja, która sporządziła opis (NP)
    • WR U/Psch
    • c
    • Instytucja, która sporządziła rekord (NP)
    • WR U/jd
    • d
    • Instytucja, która zmodyfikowała rekord (P)
    • WR U/dl
    • d
    • Instytucja, która zmodyfikowała rekord (P)
    • Ł U/ASs
    • d
    • Instytucja, która zmodyfikowała rekord (P)
    • KR U/42JCs
    • d
    • Instytucja, która zmodyfikowała rekord (P)
    • GL 001/FMM
041 -Język dokumentu [0, ]
    • a
    • Język tekstu (P)
    • polski
    • b
    • Język streszczeń lub abstraktu (P)
    • angielski
942 -Rodzaj dokumentu [ , ]
    • c
    • Rodzaj dokumentu
    • Książka
245 -Strefa tytułu i oznaczenia odpowiedzialności [0,0]
    • a
    • Tytuł
    • Ćwiczenia relaksowo-koncentrujące : Find
    • b
    • Ciąg dalszy tytułu (NP)
    • teoria i praktyka / Find
    • c
    • Pozostałe elementy strefy tytułu i oznaczenia odpowiedzialności (NP)
    • pod red. Stanisława Grochmala ; aut. Stanisław Grochmal [et al.].
250 -Strefa wydania [ , ]
    • a
    • Oznaczenie wydania (NP)
    • Wyd. 5 rozsz.
260 -Strefa adresu wydawniczego [ , ]
    • a
    • Miejsce wydania (P)
    • Warszawa :
    • b
    • Nazwa wydawcy (P)
    • Państ. Zakład Wydawnictw Lekarskich,
    • c
    • Data wydania (P)
    • 1993.
300 -Strefa opisu fizycznego [ , ]
    • a
    • Określenie formy książki i/lub objętość (NP)
    • 353, [1] s. :
    • b
    • Oznaczenie ilustracji (NP)
    • il. ;
    • c
    • Format (NP)
    • 21 cm.
336 -Typ zawartości [ , ]
    • a
    • Termin opisujący typ zawartości
    • Tekst
    • b
    • Kod określający zawartość
    • txt
    • 2
    • Źródło (terminu i kodu)
    • rdacontent
337 -Typ mediów [ , ]
    • a
    • Tryb odtwarzania
    • Bez urządzenia pośredniczącego
    • b
    • Kod typu mediów
    • n
    • 2
    • Źródło (terminu i kodu)
    • rdamedia
338 -Typ/rodzaj nośnika [ , ]
    • a
    • Hasło opisujące typ nośnika
    • Wolumin
    • b
    • Kod typu nośnika
    • nc
    • 2
    • Źródło (terminu i kodu)
    • rdacarrier
504 -Uwaga dot. bibliogr. załącznikowej [ , ]
    • a
    • Uwaga dot. bibliografii załącznikowej
    • Bibliogr. przy rozdz.
504 -Uwaga dot. bibliogr. załącznikowej [ , ]
    • a
    • Uwaga dot. bibliografii załącznikowej
    • Indeks.
546 -Uwaga dot. języka [ , ]
    • a
    • Uwaga dot. języka
    • Streszcz. ang.
080 -Uniwersalna Klasyfikacja Dziesiętna [ , ]
    • a
    • Symbol klasyfikacji
    • 615.8
    • 9
    • UKD
    • 4638
    • 2
    • Identyfikator wydania tablic
    • UDC-P058
    • b
    • Dopowiedzenie
    • Fizjoterapia. Radioterapia i inne bezlekowe metody leczenia.
080 -Uniwersalna Klasyfikacja Dziesiętna [ , ]
    • a
    • Symbol klasyfikacji
    • :796.41
650 -Hasło przedmiotowe [ ,7]
    • a
    • Hasło przedmiotowe
    • Gimnastyka lecznicza
    • v
    • Określnik formalny
    • wydawnictwa popularne.
    • 2
    • Źródło terminu
    • kaba
    • 9
    • KHW
    • 454214
650 -Hasło przedmiotowe [ ,7]
    • a
    • Hasło przedmiotowe
    • Higiena psychiczna
    • v
    • Określnik formalny
    • wydawnictwa popularne.
    • 2
    • Źródło terminu
    • kaba
    • 9
    • KHW
    • 439510
650 -Hasło przedmiotowe [ ,7]
    • a
    • Hasło przedmiotowe
    • Joga
    • v
    • Określnik formalny
    • wydawnictwa popularne.
    • 2
    • Źródło terminu
    • kaba
    • 9
    • KHW
    • 454215
650 -Hasło przedmiotowe [ ,7]
    • a
    • Hasło przedmiotowe
    • Odpoczynek
    • v
    • Określnik formalny
    • wydawnictwa popularne.
    • 2
    • Źródło terminu
    • kaba
    • 9
    • KHW
    • 375363
980 -Symbol UKD [ , ]
    • a
    • UKD
    • 615.8:796.41
700 -Hasło dodatkowe - nazwa osobowa [1, ]
    • a
    • Nazwa osobowa (NP)
    • Grochmal, Stanisław Find
    • d
    • Daty biograficzne (NP)
    • (1911-1995).
    • 9
    • KHW
    • 55928
710 -Hasło dodatkowe - nazwa ciała zbiorowego [2, ]
    • a
    • Nazwa ciała zbiorowego lub nazwa geograficzna jako pierwszy element (NP)
    • Państwowy Zakład Wydawnictw Lekarskich.
    • 4
    • Kod relacji
    • pbl
    • 9
    • KHW
    • 54960
920 -ISBN [ , ]
    • a
    • ISBN
    • 83-200-1689-4 Find
Numer inwentarzowy Sygnatura Status udost. Lokalizacja Data inwentaryzacji
WF.4721Relaksacja 01 1BM1996-09-30